Normal view
MARC view
- ELECTRONIC INSTRUMENTS ELECTRONIC APPARATUS AND APPLICATION TESTING
Entry Topical Term
001 - CONTROL NUMBER
- control field: 74987
003 - CONTROL NUMBER IDENTIFIER
- control field: NUST
005 - DATE AND TIME OF LATEST TRANSACTION
- control field: 20210628205329.0
008 - FIXED-LENGTH DATA ELEMENTS
- fixed length control field: 210628|| aca||aabn | a|a d
040 ## - CATALOGING SOURCE
- Original cataloging agency: NUST
- Transcribing agency: NUST
150 ## - HEADING--TOPICAL TERM
- Topical term or geographic name entry element: ELECTRONIC INSTRUMENTS ELECTRONIC APPARATUS AND APPLICATION TESTING
670 ## - SOURCE DATA FOUND
- Source citation: Work cat.: (NUST): GENN, R. C 74986, HOW TO GET MORE OUT OF LOW COST ELECTRONIC TEST EQUIPMENT, 1979
